| 000 | 00707nam a2200265Ia 4500 | ||
|---|---|---|---|
| 003 | OSt | ||
| 005 | 20221006142123.0 | ||
| 006 | a|||||r|||| 00| 0 | ||
| 007 | ta | ||
| 008 | 221006b |||||||| |||| 00| 0 jpn d | ||
| 020 | _c¥250 | ||
| 024 | _a5,347 | ||
| 037 |
_bGift, Japan Foundation _cTextual |
||
| 040 |
_aEASL _cEASL _bjpn |
||
| 041 |
_2jpn _ajpn |
||
| 082 | _aQ4596, L9 | ||
| 100 |
_aKINO Kazuyoshi _9646930 |
||
| 245 | 0 |
_aZen _b Gendai ni ikiru mono |
|
| 260 |
_aTokyo _bNihon Hoso Shuppankai Japan _c1969 |
||
| 300 |
_a242p. _ccm. |
||
| 490 | _v JL | ||
| 650 | _aJL | ||
| 942 |
_hQ4596, L9 _cTEXL _2CC |
||
| 999 |
_c1073433 _d1073433 |
||